| 000 | 00744nam a22002057a 4500 | ||
|---|---|---|---|
| 005 | 20150810124749.0 | ||
| 010 | _aENG-113592 | ||
| 020 |
_a9781138020245 _c750.00 |
||
| 035 | _aEN-97124 | ||
| 037 | _bDBAD/PUB | ||
| 082 | _a305.56880954 | ||
| 245 |
_aDalits in neoliberal India : _cedited by Clarinda Still _bmobility or marginalisation / |
||
| 260 |
_aNew Delhi _bRoutledge _c2014 |
||
| 270 |
_a912 Tolstoy House, 15-17 Tolstoy Marg, Connaught Place _bNew Delhi _e110001 |
||
| 300 |
_axviii,272p. _c23cm(Hb) |
||
| 490 | _aExploring the political in South Asia ; edited by Mukulika Banerjee | ||
| 500 | _aIncludes bibliographical references and index | ||
| 700 | _aStill, Clarinda | ||
| 942 |
_2ddc _cEN _mDAL _h305.56880954 |
||
| 999 |
_c95166 _d95166 |
||